| 000 | 01195nam0a22002411 4500 | ||
|---|---|---|---|
| 001 | rc\462588 | ||
| 005 | 20030616172013.8 | ||
| 035 | _a(NLR Aleph) 005706954 | ||
| 090 |
_a7337137 _c7337137 |
||
| 100 | _a20030616d1988 u |0rusy50 ca | ||
| 101 | 0 | _arus | |
| 102 | _aRU | ||
| 105 | _ay ||||||||| | ||
| 200 | 1 |
_aВНЕДРЕНИЕ системы "Оперативно-производственное планирование на машиностроительных предприятиях Минэлектротехпрома СССР" _eМетод. положения _fМ-во электротехн. пром-сти СССР, ВНИИ информ. и техн.-экон. исслед. в электротехнике (Информэлектро) _g[Разраб. Васильев Г.В. и др.] |
|
| 210 |
_aБ. м. _cИнформэлектро _d1988 |
||
| 215 |
_a43 с. _d22 _e[5] отд. л. ил. |
||
| 702 | 1 |
_aВасильев _bГ. В. _4570 |
|
| 712 | 0 | 2 | _aВНИИ информации и техн.-экон. исследований в электротехнике |
| 801 | 0 |
_aRU _bNLR _gpsbo |
|
| 801 | 1 |
_aRU _bELAR _2rusmarc |
|
| 852 |
_aNLR _j88-6/7156 |
||
| 942 | _cBOOK | ||
| 980 | _aNB | ||